[Event "EYb18, Budva YUG"]
[Site "?"]
[Date "2003.??.??"]
[Round "1"]
[White "Miljkovic, Mir"]
[Black "Semcesen, D."]
[Result "0-1"]
[WhiteElo "2410"]
[BlackElo "2230"]
[PlyCount "88"]
[EventDate "2003.??.??"]

1. d4 d5 2. c4 c6 3. cxd5 cxd5 4. Nf3 Nf6 5. Nc3 a6 6. Bf4 Nc6 7. e3 Bf5 8. Rc1
e6 9. Qb3 Ra7 10. Be2 Be7 11. O-O O-O 12. Na4 Nd7 13. Qd1 Qa5 14. a3 Rc8 15. b4
Qd8 16. Qd2 b5 17. Nc5 Nb6 18. Rfd1 Nc4 19. Bxc4 bxc4 20. Ne5 Nxe5 21. Bxe5 f6
22. Bg3 Bxc5 23. dxc5 Qe8 24. f3 Bd3 25. e4 dxe4 26. fxe4 e5 27. Bf2 Qc6 28.
Qe3 Rd7 29. Qh3 Rcd8 30. Re1 a5 31. bxa5 Ra7 32. Red1 Rb8 33. Be1 Rb2 34. Rd2
Rb3 35. Qg4 Rxa3 36. Rb2 Rb3 37. Rxb3 cxb3 38. Qd1 Qb5 39. c6 b2 40. c7 Rxc7
41. Rxc7 b1=Q 42. Rc8+ Kf7 43. Rc7+ Ke6 44. Rc1 Qc5+ 0-1

[Event "EYb18, Budva YUG"]
[Site "?"]
[Date "2003.??.??"]
[Round "1"]
[White "Nemeth, Mi"]
[Black "Grachev, B."]
[Result "0-1"]
[WhiteElo "2285"]
[BlackElo "2500"]
[PlyCount "154"]
[EventDate "2003.??.??"]

1. e4 c5 2. Nf3 d6 3. d4 cxd4 4. Nxd4 Nf6 5. Nc3 a6 6. Bg5 Nc6 7. Qd2 e6 8.
O-O-O Nxd4 9. Qxd4 Be7 10. f4 b5 11. Bxf6 gxf6 12. Be2 Qc7 13. f5 h5 14. Rhf1
Qc5 15. Qxc5 dxc5 16. e5 exf5 17. Nd5 Bd8 18. exf6 Be6 19. Rf3 c4 20. Rh3 h4
21. g3 f4 22. Rxh4 Rxh4 23. gxh4 Bxd5 24. Rxd5 Bxf6 25. a4 Ke7 26. Rf5 Bxh4 27.
Kb1 Rg8 28. Rxf4 Rg1+ 29. Ka2 Bf6 30. axb5 axb5 31. Bf1 Rh1 32. h3 Be5 33. Rf2
Ke6 34. b3 Bd4 35. Rf4 Be5 36. Rf2 f5 37. bxc4 Bd4 38. Rf3 bxc4 39. Bxc4+ Ke5
40. Bd3 f4 41. Kb3 Be3 42. Kc4 Rh2 43. Kc3 Kd5 44. Bg6 Rg2 45. Bd3 Bd2+ 46. Kb3
Rh2 47. Ba6 Be3 48. c3 Kc5 49. Bd3 Kd5 50. Ba6 Bc1 51. Bd3 Rb2+ 52. Ka4 Be3 53.
Ka3 Rd2 54. Ba6 Ke4 55. Bb7+ Kd3 56. Kb3 Rc2 57. Be4+ Kxe4 58. Rxf4+ Kd3 59.
Rc4 Rc1 60. Rc8 Rb1+ 61. Ka4 Bd2 62. Ka5 Bxc3+ 63. Ka6 Bd4 64. Rc6 Ke4 65. Rh6
Kd5 66. Rh5+ Kc6 67. Rh6+ Kc5 68. Rh5+ Kc4 69. Rh6 Bc5 70. Rg6 Ra1+ 71. Kb7
Ra7+ 72. Kb8 Rh7 73. h4 Kd5 74. h5 Bd6+ 75. Ka8 Kc6 76. h6 Rd7 77. Rg8 Kb6 0-1

[Event "EYb18, Budva YUG"]
[Site "?"]
[Date "2003.??.??"]
[Round "1"]
[White "Smeets, J."]
[Black "Tallaksen, G."]
[Result "1/2-1/2"]
[WhiteElo "2475"]
[BlackElo "2285"]
[PlyCount "69"]
[EventDate "2003.??.??"]

1. e4 e5 2. Nf3 Nc6 3. d4 exd4 4. Nxd4 Nf6 5. Nxc6 bxc6 6. e5 Qe7 7. Qe2 Nd5 8.
c4 Nb6 9. Nd2 a5 10. f4 Qe6 11. b3 a4 12. Bb2 axb3 13. axb3 Rxa1+ 14. Bxa1 Bb4
15. Qe3 d5 16. Bc3 Bxc3 17. Qxc3 f6 18. Bd3 fxe5 19. fxe5 O-O 20. Nf3 Qe7 21.
O-O Be6 22. Nd4 Rxf1+ 23. Kxf1 dxc4 24. bxc4 Qf7+ 25. Kg1 Bxc4 26. Nxc6 Bxd3
27. Qxd3 h6 28. h3 Qc4 29. Qf3 Qe6 30. Qe4 Nd7 31. Kh2 Nc5 32. Qf3 Nd7 33. Qe4
Nc5 34. Qf3 Nd7 35. Qe4 1/2-1/2

[Event "EYb18, Budva YUG"]
[Site "?"]
[Date "2003.??.??"]
[Round "1"]
[White "Lain, L."]
[Black "Bartel, Mat"]
[Result "0-1"]
[WhiteElo "2260"]
[BlackElo "2450"]
[PlyCount "102"]
[EventDate "2003.??.??"]

1. d4 f5 2. c4 Nf6 3. Nc3 g6 4. Bg5 Bg7 5. e3 O-O 6. Bd3 d6 7. Nf3 Nc6 8. d5
Nb4 9. Nd4 c5 10. dxc6 bxc6 11. Be2 c5 12. Nc2 Rb8 13. Nxb4 cxb4 14. Nd5 Nxd5
15. Qxd5+ Kh8 16. Qd2 Qc7 17. O-O a5 18. Rac1 b3 19. a3 a4 20. e4 fxe4 21. Bh6
Bxh6 22. Qxh6 Bb7 23. Rc3 Rf6 24. Rh3 e6 25. Qg5 Rbf8 26. Rc3 Rf5 27. Qe3 Qc5
28. Qxc5 Rxc5 29. Rd1 d5 30. f3 dxc4 31. Rxc4 Rxc4 32. Bxc4 exf3 33. gxf3 e5
34. Bb5 Bxf3 35. Rf1 e4 36. Bxa4 Rd8 37. Bxb3 g5 38. Be6 Rd2 39. Rf2 Rd6 40.
Bh3 g4 41. Bg2 e3 42. Rxf3 gxf3 43. Bxf3 Rd2 44. b4 Ra2 45. b5 Rxa3 46. b6 Rb3
47. b7 Rb2 48. Kf1 Kg7 49. h3 Kf6 50. b8=Q Rxb8 51. Ke2 Re8 0-1

[Event "EYb18, Budva YUG"]
[Site "?"]
[Date "2003.??.??"]
[Round "1"]
[White "Agaragimov, D."]
[Black "Borisek, J."]
[Result "1/2-1/2"]
[WhiteElo "2245"]
[BlackElo "2440"]
[PlyCount "50"]
[EventDate "2003.??.??"]

1. d4 Nf6 2. c4 g6 3. Nf3 Bg7 4. g3 d5 5. Bg2 dxc4 6. Qa4+ Nfd7 7. Qxc4 Nc6 8.
e3 Nb6 9. Qc5 O-O 10. O-O a5 11. Bd2 Bf5 12. Na3 Be4 13. Rfd1 Qc8 14. Nb5 Rd8
15. Nc3 Bf5 16. e4 Bg4 17. Be3 e5 18. d5 Nd4 19. Bxd4 Nd7 20. Qe7 exd4 21. Nb5
Bf6 22. Qa3 c5 23. dxc6 Qxc6 24. Nfxd4 Qb6 25. f3 Nf8 1/2-1/2

[Event "EYb18, Budva YUG"]
[Site "?"]
[Date "2003.??.??"]
[Round "1"]
[White "Kharitonov, Alexa"]
[Black "Rendle, T."]
[Result "1-0"]
[WhiteElo "2435"]
[BlackElo "2240"]
[PlyCount "31"]
[EventDate "2003.??.??"]

1. d4 f5 2. Bg5 g6 3. Nc3 Bg7 4. e4 fxe4 5. Nxe4 d5 6. Nc3 Nh6 7. Qd2 Nf7 8.
Be3 c5 9. O-O-O Bxd4 10. Bxd4 e5 11. Bb5+ Nc6 12. Qe2 Qd6 13. Be3 Be6 14. Nxd5
Bxd5 15. c4 a6 16. Rxd5 1-0

[Event "EYb18, Budva YUG"]
[Site "?"]
[Date "2003.??.??"]
[Round "1"]
[White "Suaibi, D."]
[Black "Meszaros, T."]
[Result "1-0"]
[WhiteElo "2160"]
[BlackElo "2305"]
[PlyCount "49"]
[EventDate "2003.??.??"]

1. Nf3 g6 2. g3 Bg7 3. Bg2 e5 4. e4 Nc6 5. O-O Nge7 6. c3 O-O 7. Na3 d5 8. d3
h6 9. Nc2 Be6 10. d4 Bg4 11. exd5 Nxd5 12. h3 Bxf3 13. Qxf3 Nb6 14. dxe5 Re8
15. Bf4 g5 16. Rad1 Qe7 17. Bc1 Rab8 18. Nd4 Nxe5 19. Qh5 Rbd8 20. f4 gxf4 21.
Bxf4 Ng6 22. Nf5 Qc5+ 23. Be3 Qe5 24. Bxh6 Bxh6 25. Nxh6+ 1-0

[Event "EYb18, Budva YUG"]
[Site "?"]
[Date "2003.??.??"]
[Round "1"]
[White "Gerzhoy, L."]
[Black "Esen, B."]
[Result "1-0"]
[WhiteElo "2410"]
[BlackElo "2215"]
[PlyCount "69"]
[EventDate "2003.??.??"]

1. Nf3 c5 2. c4 Nf6 3. Nc3 Nc6 4. g3 g6 5. Bg2 Bg7 6. O-O O-O 7. d4 cxd4 8.
Nxd4 Nxd4 9. Qxd4 d6 10. Qd3 Bf5 11. e4 Be6 12. Bd2 Qd7 13. Rac1 Bh3 14. f3
Bxg2 15. Kxg2 Rfc8 16. b3 a6 17. a4 Qd8 18. Nd5 Nxd5 19. cxd5 b6 20. f4 Qd7 21.
f5 Qb7 22. Qf3 Rf8 23. h4 b5 24. h5 gxf5 25. Qxf5 bxa4 26. h6 Be5 27. Bc3 Kh8
28. Bxe5+ dxe5 29. Qg5 Rg8 30. Qxe5+ f6 31. Rxf6 exf6 32. Qxf6+ Rg7 33. Qxg7+
Qxg7 34. hxg7+ Kxg7 35. bxa4 1-0

[Event "EYb18, Budva YUG"]
[Site "?"]
[Date "2003.??.??"]
[Round "1"]
[White "Doncea, V."]
[Black "Murariu, A."]
[Result "0-1"]
[WhiteElo "2200"]
[BlackElo "2385"]
[PlyCount "56"]
[EventDate "2003.??.??"]

1. Nf3 d6 2. d3 e5 3. g3 f5 4. e4 Nf6 5. exf5 Bxf5 6. Bg2 Nc6 7. O-O Qd7 8. Nc3
O-O-O 9. Re1 h6 10. a3 Bh3 11. Bh1 Ng4 12. Nd5 Qf7 13. c4 g5 14. Be3 e4 15. Nd4
Nxd4 16. Bxd4 Bg7 17. dxe4 c6 18. Bf3 Bxd4 19. Bxg4+ Bxg4 20. Qxg4+ Kb8 21. Ne3
Bxb2 22. Ra2 Bd4 23. Rc2 Qf6 24. Qf5 Rhf8 25. Qxf6 Rxf6 26. Nf5 Bc5 27. a4 Re8
28. Kg2 Rxf5 0-1

[Event "EYb18, Budva YUG"]
[Site "?"]
[Date "2003.??.??"]
[Round "1"]
[White "Dimitrijevic, A."]
[Black "Aksentijevic, M."]
[Result "1-0"]
[WhiteElo "2380"]
[BlackElo "2175"]
[PlyCount "105"]
[EventDate "2003.??.??"]

1. e4 c5 2. Nf3 d6 3. d4 cxd4 4. Nxd4 Nf6 5. Nc3 a6 6. Bg5 e6 7. f4 Qc7 8. Qf3
b5 9. Bd3 Nbd7 10. O-O-O Bb7 11. Rhe1 O-O-O 12. g4 Be7 13. Bh4 Nc5 14. g5 Nfd7
15. Kb1 b4 16. Nce2 h6 17. Qg4 hxg5 18. Bxg5 f6 19. Nxe6 Nxe6 20. Qxe6 Rde8 21.
e5 Bd8 22. Qg4 fxg5 23. exd6 Qc5 24. Bf5 Bc6 25. fxg5 Rxh2 26. Nd4 Rxe1 27.
Rxe1 g6 28. Bxg6 Rg2 29. Qd1 Bd5 30. Nf5 Rxg5 31. Ne7+ Kb7 32. Nxd5 Rxg6 33.
Qf3 Qc6 34. Qf7 Rxd6 35. Nxb4 Qb6 36. a3 a5 37. Qf3+ Kc7 38. Nd5+ Rxd5 39. Qxd5
Bf6 40. c3 Qc5 41. Qf7 Qb5 42. Ka1 a4 43. Re4 Qd3 44. Qc4+ Qxc4 45. Rxc4+ Kb6
46. Rxa4 Nc5 47. Rg4 Kb5 48. Ka2 Be5 49. c4+ Ka4 50. Rg8 Na6 51. b3+ Ka5 52.
Rg5 Nb4+ 53. axb4+ 1-0

[Event "EYb18, Budva YUG"]
[Site "?"]
[Date "2003.??.??"]
[Round "1"]
[White "Seifert, V."]
[Black "Zovko, Mark"]
[Result "1-0"]
[WhiteElo "2370"]
[BlackElo "2115"]
[PlyCount "99"]
[EventDate "2003.??.??"]

1. d4 Nf6 2. c4 g6 3. Nc3 Bg7 4. e4 d6 5. f3 O-O 6. Be3 e5 7. d5 Nh5 8. Qd2 f5
9. O-O-O a5 10. Bd3 Na6 11. exf5 gxf5 12. Nge2 Nc5 13. Bc2 Bd7 14. h3 f4 15.
Bxc5 dxc5 16. Ne4 b6 17. N2c3 Be8 18. Ba4 Bxa4 19. Nxa4 Ng3 20. Nxg3 fxg3 21.
Nc3 Qh4 22. Qd3 e4 23. Nxe4 Bd4 24. a4 Rae8 25. Rhe1 Kh8 26. Kb1 Re5 27. Re2
Rfe8 28. Ka2 h5 29. Qd2 Kg7 30. Rde1 Bf2 31. Rc1 Qe7 32. Rc2 h4 33. Qd3 Bd4 34.
Qb3 Qd7 35. Qb5 Qxb5 36. axb5 Kg6 37. Kb3 R8e7 38. Rcd2 Kf5 39. Kc2 Kf4 40. Rd3
Re8 41. b3 Ra8 42. Nc3 Rae8 43. Rxe5 Rxe5 44. Ne2+ Kf5 45. Nxd4+ cxd4 46. Rxd4
Re2+ 47. Rd2 Rxd2+ 48. Kxd2 Kf4 49. c5 Ke5 50. d6 1-0

[Event "EYb18, Budva YUG"]
[Site "?"]
[Date "2003.??.??"]
[Round "1"]
[White "Niemi, K."]
[Black "Cornette, M."]
[Result "0-1"]
[WhiteElo "2105"]
[BlackElo "2365"]
[PlyCount "50"]
[EventDate "2003.??.??"]

1. e4 Nf6 2. e5 Nd5 3. d4 d6 4. Nf3 dxe5 5. Nxe5 c6 6. Be2 Bf5 7. g4 Be6 8. f4
f6 9. Nd3 Nd7 10. c4 Nc7 11. b3 Bf7 12. Nc3 e5 13. fxe5 fxe5 14. O-O exd4 15.
Ne4 Be7 16. Nf4 c5 17. g5 O-O 18. Qe1 Bxg5 19. Nxg5 Qxg5+ 20. Kh1 Bg6 21. Nxg6
Qxg6 22. Bf3 Rae8 23. Qd1 Ne5 24. Bxb7 Nd3 25. Bf3 Re1 0-1

[Event "EYb18, Budva YUG"]
[Site "?"]
[Date "2003.??.??"]
[Round "1"]
[White "Manescu, T."]
[Black "Gallissot, A."]
[Result "1-0"]
[WhiteElo "2350"]
[BlackElo "2090"]
[PlyCount "99"]
[EventDate "2003.??.??"]

1. e4 e6 2. d4 d5 3. Nd2 c5 4. exd5 Qxd5 5. Ngf3 Nc6 6. Bc4 Qd8 7. Nb3 cxd4 8.
O-O a6 9. Nbxd4 Nxd4 10. Nxd4 Nf6 11. Bf4 Be7 12. c3 O-O 13. Re1 Qb6 14. Qe2
Re8 15. Rad1 Qc5 16. Be5 Nd7 17. Bg3 Nf8 18. b4 Qb6 19. a4 a5 20. Nb5 axb4 21.
Nc7 Bd7 22. Bb5 Bxb5 23. Qxb5 Qxb5 24. axb5 bxc3 25. Nxe8 Rxe8 26. Be5 Rc8 27.
Rc1 Bb4 28. Re3 Rc5 29. Bxc3 Bxc3 30. Rcxc3 Rxb5 31. g3 g5 32. Rb3 Rxb3 33.
Rxb3 Kg7 34. Rxb7 Ng6 35. Kg2 Kf6 36. h3 h6 37. Kf3 h5 38. Ke4 h4 39. Rb5 Ne7
40. gxh4 gxh4 41. Kf4 Nf5 42. Kg4 Kg6 43. Rb8 Kf6 44. f4 Kg6 45. Rg8+ Kf6 46.
Rg5 Nd4 47. Ra5 Nf5 48. Kh5 Ke7 49. Rxf5 exf5 50. Kxh4 1-0

[Event "EYb18, Budva YUG"]
[Site "?"]
[Date "2003.??.??"]
[Round "2"]
[White "Zhigalko, A."]
[Black "Bratovic, B."]
[Result "1-0"]
[WhiteElo "2465"]
[BlackElo "2320"]
[PlyCount "51"]
[EventDate "2003.??.??"]

1. e4 c5 2. Nf3 d6 3. d4 cxd4 4. Nxd4 Nf6 5. Nc3 a6 6. Be3 e5 7. Nb3 Be6 8. f3
Be7 9. Qd2 O-O 10. O-O-O Nbd7 11. g4 b5 12. g5 b4 13. Ne2 Nh5 14. Ng3 Nxg3 15.
hxg3 a5 16. Kb1 Qc7 17. Bd3 a4 18. Rxh7 Kxh7 19. Qh2+ Kg6 20. f4 f5 21. exf5+
Bxf5 22. g4 Rh8 23. Bxf5+ Kf7 24. g6+ Kf6 25. fxe5+ Nxe5 26. Qd2 1-0

[Event "EYb18, Budva YUG"]
[Site "?"]
[Date "2003.??.??"]
[Round "2"]
[White "Bartel, Mat"]
[Black "Sulashvili, M."]
[Result "1-0"]
[WhiteElo "2450"]
[BlackElo "2295"]
[PlyCount "126"]
[EventDate "2003.??.??"]

1. e4 c6 2. d4 d5 3. Nd2 dxe4 4. Nxe4 Nd7 5. Ng5 Ngf6 6. Bc4 e6 7. Qe2 Nb6 8.
Bb3 h6 9. N5f3 c5 10. dxc5 Bxc5 11. Ne5 O-O 12. Ngf3 Nfd7 13. O-O Qf6 14. Ng4
Qe7 15. Re1 Nf6 16. Nge5 Nbd7 17. Bf4 Nxe5 18. Nxe5 b6 19. Bg3 Bb7 20. Bh4 g5
21. Bg3 Ne4 22. Rad1 Rad8 23. Nd3 Nxg3 24. hxg3 Bd4 25. c3 Bg7 26. Ne5 Rxd1 27.
Rxd1 Bxe5 28. Qxe5 Rd8 29. Rd4 Rxd4 30. Qxd4 Bc6 31. Kh2 e5 32. Qd3 Qf6 33. Kg1
Kg7 34. Bc2 a5 35. a3 Bb7 36. b4 axb4 37. axb4 e4 38. Qe3 Qc6 39. Bb3 Qd6 40.
Bc2 Qc6 41. Kf1 Qc4+ 42. Ke1 f5 43. Kd2 Qd5+ 44. Kc1 Qd6 45. Kb2 Kf6 46. Qe2
Qd5 47. Qh5 Kg7 48. Qe8 Bc6 49. Qe7+ Qf7 50. Qe5+ Kg6 51. Bb3 Qd7 52. Kc1 Ba4
53. Bd5 Qg7 54. Qd6+ Qf6 55. Qc7 g4 56. Kb2 h5 57. Bg8 Be8 58. Bb3 Bb5 59. Bf7+
Kh6 60. Bg8 Be8 61. Bc4 Qc6 62. Qf4+ Kg6 63. Bb3 Qd7 1-0

[Event "EYb18, Budva YUG"]
[Site "?"]
[Date "2003.??.??"]
[Round "2"]
[White "Barnaure, V."]
[Black "Laznicka, V."]
[Result "1/2-1/2"]
[WhiteElo "2315"]
[BlackElo "2445"]
[PlyCount "63"]
[EventDate "2003.??.??"]

1. d4 Nf6 2. c4 e6 3. g3 Nc6 4. Bg2 Bb4+ 5. Nc3 d6 6. Nf3 Bxc3+ 7. bxc3 O-O 8.
O-O e5 9. Ne1 Bf5 10. Bg5 h6 11. Bxf6 Qxf6 12. e4 Bd7 13. Nc2 Na5 14. Ne3 b5
15. f4 Qd8 16. fxe5 Nxc4 17. Nxc4 bxc4 18. Qh5 Rb8 19. Rab1 Qe7 20. exd6 cxd6
21. Qe2 Be6 22. Rb2 Bg4 23. Qd2 Bh5 24. Rfb1 Rxb2 25. Qxb2 Bg6 26. Re1 Qc7 27.
Bf1 Rb8 28. Qe2 Rc8 29. Qb2 Kh7 30. Qb4 f6 31. Qb5 Kh8 32. Qa6 1/2-1/2

[Event "EYb18, Budva YUG"]
[Site "?"]
[Date "2003.??.??"]
[Round "2"]
[White "Kurmann, O."]
[Black "Kharitonov, Alexa"]
[Result "1/2-1/2"]
[WhiteElo "2235"]
[BlackElo "2435"]
[PlyCount "71"]
[EventDate "2003.??.??"]

1. e4 c6 2. d4 d5 3. e5 c5 4. dxc5 e6 5. Qg4 h5 6. Qg3 h4 7. Qf4 Bxc5 8. Bd3
Nc6 9. Nf3 Nb4 10. O-O Nxd3 11. cxd3 Be7 12. Qg4 Kf8 13. Bg5 Bxg5 14. Qxg5 Qxg5
15. Nxg5 f6 16. Nf3 Ne7 17. Na3 Bd7 18. Rfe1 Nc6 19. Nc2 Rh5 20. d4 Ke7 21. g4
hxg3 22. hxg3 Rf8 23. Kg2 fxe5 24. Nxe5 Nxe5 25. Rxe5 Rxe5 26. dxe5 Rc8 27. Nd4
Rc4 28. Rd1 Be8 29. Kf3 Bg6 30. Ke3 a6 31. g4 Rc8 32. Rh1 Be4 33. f3 Bg6 34.
Kd2 Rc4 35. Ke3 Rc8 36. Kd2 1/2-1/2

[Event "EYb18, Budva YUG"]
[Site "?"]
[Date "2003.??.??"]
[Round "2"]
[White "Murariu, A."]
[Black "Gogin, R."]
[Result "1-0"]
[WhiteElo "2385"]
[BlackElo "2100"]
[PlyCount "67"]
[EventDate "2003.??.??"]

1. e4 c5 2. Nf3 Nc6 3. d4 cxd4 4. Nxd4 Nf6 5. Nc3 e5 6. Ndb5 d6 7. Bg5 a6 8.
Na3 b5 9. Nd5 Be7 10. Bxf6 Bxf6 11. c3 Bb7 12. Nc2 Nb8 13. Nce3 g6 14. a4 bxa4
15. Qxa4+ Bc6 16. Qa5 O-O 17. Bd3 Bg5 18. O-O Bxe3 19. Nxe3 Qh4 20. f3 Qf4 21.
Rfe1 Rc8 22. Nc4 Bb5 23. Nxe5 Qxe5 24. Bxb5 Qc5+ 25. Kh1 Qf2 26. Re2 Qa7 27.
Ba4 Nc6 28. Qd5 Ne7 29. Qxd6 Rd8 30. Qf6 Rab8 31. b4 Qc7 32. Bb3 Nc6 33. e5
Nxb4 34. e6 1-0

[Event "EYb18, Budva YUG"]
[Site "?"]
[Date "2003.??.??"]
[Round "2"]
[White "L'Ami, E."]
[Black "Dimitrijevic, A."]
[Result "1-0"]
[WhiteElo "2435"]
[BlackElo "2380"]
[PlyCount "73"]
[EventDate "2003.??.??"]

1. e4 c6 2. d4 d5 3. Nc3 dxe4 4. Nxe4 Nd7 5. Nf3 Ngf6 6. Nxf6+ Nxf6 7. Bc4 Bg4
8. Bxf7+ Kxf7 9. Ne5+ Kg8 10. Nxg4 Qa5+ 11. c3 Qb5 12. a4 Qd5 13. O-O Rd8 14.
Qe2 Nxg4 15. Qxg4 Rd6 16. Re1 Rg6 17. Qe4 Qf7 18. Bf4 h5 19. h4 Rg4 20. g3 Rh6
21. f3 Rxf4 22. Qxf4 Rf6 23. Qe5 Rxf3 24. Rf1 Rf6 25. Rae1 Qg6 26. Kg2 Qc2+ 27.
Re2 Qxa4 28. Qxh5 Qb3 29. Rxf6 exf6 30. Qf5 Qd1 31. Re8 Qd2+ 32. Kh3 Qc1 33.
Qe6+ Kh7 34. Qe1 Qxe1 35. Rxe1 Kg6 36. Re8 Bd6 37. Rd8 1-0

[Event "EYb18, Budva YUG"]
[Site "?"]
[Date "2003.??.??"]
[Round "2"]
[White "Cornette, M."]
[Black "Suaibi, D."]
[Result "1-0"]
[WhiteElo "2365"]
[BlackElo "2160"]
[PlyCount "53"]
[EventDate "2003.??.??"]

1. e4 e5 2. Nf3 Nc6 3. Nc3 Bc5 4. Nxe5 Bxf2+ 5. Kxf2 Nxe5 6. d4 Nc6 7. Be3 Nf6
8. e5 Ng8 9. Qg4 g6 10. Qe4 Qe7 11. Nd5 Qd8 12. Nf6+ Kf8 13. Bg5 Nce7 14. Qh4
h6 15. Nxg8 hxg5 16. Qxh8 Nxg8 17. Bd3 d6 18. Rhf1 dxe5 19. Qxe5 Qf6+ 20. Kg1
Qxe5 21. dxe5 Ne7 22. Bc4 Nf5 23. g4 Nh6 24. h3 Ke7 25. Rf6 Bd7 26. Raf1 Rf8
27. e6 1-0

[Event "EYb18, Budva YUG"]
[Site "?"]
[Date "2003.??.??"]
[Round "2"]
[White "Tallaksen, G."]
[Black "Krivokapic, M."]
[Result "1/2-1/2"]
[WhiteElo "2285"]
[BlackElo "2310"]
[PlyCount "41"]
[EventDate "2003.??.??"]

1. d4 d5 2. c4 e6 3. Nc3 Nf6 4. cxd5 exd5 5. Bg5 Be7 6. Qc2 O-O 7. e3 c5 8.
dxc5 Qa5 9. Bd3 h6 10. Bxf6 Bxf6 11. Nge2 Qxc5 12. O-O Nc6 13. Ne4 Qe7 14.
Nxf6+ Qxf6 15. Rfd1 Be6 16. Qc3 Qxc3 17. Nxc3 Rfd8 18. Ne2 a6 19. a3 Kf8 20.
Rac1 d4 21. exd4 1/2-1/2

[Event "EYb18, Budva YUG"]
[Site "?"]
[Date "2003.??.??"]
[Round "2"]
[White "Aksentijevic, M."]
[Black "Miljkovic, Mir"]
[Result "1/2-1/2"]
[WhiteElo "2175"]
[BlackElo "2410"]
[PlyCount "51"]
[EventDate "2003.??.??"]

1. e4 c5 2. Nf3 Nc6 3. d4 cxd4 4. Nxd4 Nf6 5. Nc3 e5 6. Ndb5 d6 7. Bg5 a6 8.
Na3 b5 9. Nd5 Be7 10. Bxf6 Bxf6 11. c3 O-O 12. Nc2 Bg5 13. a4 bxa4 14. Rxa4 a5
15. Bc4 Rb8 16. b3 Kh8 17. O-O f5 18. exf5 Bxf5 19. Nce3 Bg6 20. Be2 Bf7 21.
Nc4 e4 22. b4 axb4 23. Ra6 Rc8 24. Ncb6 Rb8 25. Nc4 Rc8 26. Ncb6 1/2-1/2

[Event "EYb18, Budva YUG"]
[Site "?"]
[Date "2003.??.??"]
[Round "2"]
[White "Pakleza, Z."]
[Black "Doncea, V."]
[Result "1-0"]
[WhiteElo "2340"]
[BlackElo "2200"]
[PlyCount "91"]
[EventDate "2003.??.??"]

1. d4 c5 2. d5 g6 3. e4 Bg7 4. c4 d6 5. Nc3 Nf6 6. h3 O-O 7. Nf3 e6 8. Bd3 exd5
9. exd5 Re8+ 10. Be3 Nbd7 11. O-O a6 12. Qd2 Nf8 13. Bf4 Bf5 14. Bxf5 gxf5 15.
Rae1 Ne4 16. Nxe4 fxe4 17. Ng5 f5 18. f3 Bd4+ 19. Kh1 e3 20. Rxe3 Bxe3 21. Bxe3
Qe7 22. Bf4 h6 23. Ne6 Nxe6 24. dxe6 Qxe6 25. Bxh6 Kh7 26. Bg5 Qxc4 27. Rd1 Re6
28. b3 Qd4 29. Qxd4 cxd4 30. Rxd4 Rc8 31. Rd2 Rc1+ 32. Kh2 Rce1 33. h4 R1e2 34.
Rd5 Rxa2 35. Rxf5 b5 36. Kh3 Rb2 37. Rf7+ Kg8 38. Ra7 d5 39. h5 Rxb3 40. h6 Rb4
41. f4 Rc4 42. f5 Rec6 43. Rd7 b4 44. f6 Rc7 45. h7+ Kh8 46. f7 1-0

[Event "EYb18, Budva YUG"]
[Site "?"]
[Date "2003.??.??"]
[Round "2"]
[White "Gallissot, A."]
[Black "Nemeth, Mi"]
[Result "1/2-1/2"]
[WhiteElo "2090"]
[BlackElo "2285"]
[PlyCount "48"]
[EventDate "2003.??.??"]

1. f4 e5 2. fxe5 d6 3. exd6 Bxd6 4. Nf3 g5 5. g3 g4 6. Nh4 f5 7. e3 Ne7 8. Nc3
Ng6 9. Nxg6 hxg6 10. Bg2 Rxh2 11. Ne2 Rxh1+ 12. Bxh1 Nc6 13. b3 Qf6 14. d4 Bd7
15. e4 Qh8 16. Bg2 fxe4 17. Bxe4 O-O-O 18. c3 Re8 19. Qd3 Qh3 20. Bxg6 Qh1+ 21.
Kd2 Re7 22. Bf5 Qh6+ 23. Kd1 Qh1+ 24. Kd2 Qh6+ 1/2-1/2

[Event "EYb18, Budva YUG"]
[Site "?"]
[Date "2003.??.??"]
[Round "3"]
[White "Murariu, A."]
[Black "Grachev, B."]
[Result "0-1"]
[WhiteElo "2385"]
[BlackElo "2500"]
[PlyCount "36"]
[EventDate "2003.??.??"]

1. e4 c5 2. Nf3 d6 3. d4 cxd4 4. Nxd4 Nf6 5. Nc3 a6 6. Be3 e5 7. Nb3 Be6 8. f3
Be7 9. Qd2 O-O 10. O-O-O Qc7 11. g4 Rc8 12. h4 d5 13. exd5 Nxd5 14. Nxd5 Bxd5
15. Bb6 Qc6 16. Na5 Qa4 17. Qf2 Qxa2 18. Kd2 Bb4+ 0-1

[Event "EYb18, Budva YUG"]
[Site "?"]
[Date "2003.??.??"]
[Round "3"]
[White "Semcesen, D."]
[Black "Bartel, Mat"]
[Result "0-1"]
[WhiteElo "2230"]
[BlackElo "2450"]
[PlyCount "60"]
[EventDate "2003.??.??"]

1. e4 e5 2. f4 exf4 3. Bc4 Qh4+ 4. Kf1 g5 5. Nc3 Bg7 6. d4 Ne7 7. Nb5 Na6 8.
Nf3 Qh5 9. Bd2 d6 10. Qe2 O-O 11. c3 g4 12. Ng1 Ng6 13. Qf2 Be6 14. d5 g3 15.
Qe1 Bg4 16. Be2 Rae8 17. Bxg4 Qxg4 18. Qe2 f5 19. Qxg4 fxg4 20. Ne2 Rxe4 21.
Re1 f3 22. Ned4 fxg2+ 23. Kxg2 Rxe1 24. Bxe1 gxh2 25. Bg3 Bxd4 26. Nxd4 Nc5 27.
Kxh2 Ne4 28. Re1 Ng5 29. Kg2 h5 30. Rh1 Nh3 0-1

[Event "EYb18, Budva YUG"]
[Site "?"]
[Date "2003.??.??"]
[Round "3"]
[White "Smeets, J."]
[Black "L'Ami, E."]
[Result "1/2-1/2"]
[WhiteElo "2475"]
[BlackElo "2435"]
[PlyCount "50"]
[EventDate "2003.??.??"]

1. e4 c6 2. d4 d5 3. Nc3 dxe4 4. Nxe4 Bf5 5. Ng3 Bg6 6. Nf3 Nd7 7. h4 h6 8. h5
Bh7 9. Bd3 Bxd3 10. Qxd3 e6 11. Bf4 Bb4+ 12. Bd2 Bxd2+ 13. Qxd2 Ngf6 14. O-O-O
O-O 15. Ne5 c5 16. Nxd7 Qxd7 17. dxc5 Qc6 18. Qe3 Rac8 19. c3 Qxc5 20. Qxc5
Rxc5 21. Rh4 Rfc8 22. Kc2 Kf8 23. a4 Ke7 24. Rd3 Rc4 25. Rdd4 Rxd4 1/2-1/2

[Event "EYb18, Budva YUG"]
[Site "?"]
[Date "2003.??.??"]
[Round "3"]
[White "Seifert, V."]
[Black "Borisek, J."]
[Result "1-0"]
[WhiteElo "2370"]
[BlackElo "2440"]
[PlyCount "59"]
[EventDate "2003.??.??"]

1. d4 Nf6 2. c4 g6 3. Nc3 d5 4. Bf4 Bg7 5. e3 c5 6. dxc5 Qa5 7. Rc1 dxc4 8.
Bxc4 O-O 9. Nge2 Qxc5 10. Qb3 Qa5 11. O-O Nc6 12. a3 Nh5 13. Rfd1 Nxf4 14. Nxf4
e6 15. Be2 Ne5 16. Ne4 Bd7 17. Nc5 Bc6 18. Nxb7 Qc7 19. Nd6 Rab8 20. Qc2 Qa5
21. b4 Qxa3 22. b5 Ba8 23. Qc7 Rbd8 24. Qc5 Qa5 25. h3 Nd7 26. Qc7 Qb6 27. Nxf7
Rxf7 28. Nxe6 Qxe6 29. Qxd8+ Nf8 30. Qxa8 1-0

[Event "EYb18, Budva YUG"]
[Site "?"]
[Date "2003.??.??"]
[Round "3"]
[White "Gerzhoy, L."]
[Black "Pedersen, C."]
[Result "1-0"]
[WhiteElo "2410"]
[BlackElo "2270"]
[PlyCount "99"]
[EventDate "2003.??.??"]

1. Nf3 Nf6 2. c4 g6 3. Nc3 Bg7 4. e4 d6 5. d4 O-O 6. Be2 e5 7. O-O exd4 8. Nxd4
Re8 9. f3 Nc6 10. Be3 Nh5 11. f4 Nf6 12. Bf3 Bg4 13. Nxc6 Bxf3 14. Qxf3 bxc6
15. Bd2 Rb8 16. b3 Nd7 17. Rae1 Nc5 18. f5 Nd7 19. Kh1 Ne5 20. Qh3 Bf6 21. Re2
h5 22. Nd1 Kg7 23. Bc3 Ng4 24. Nf2 Nxf2+ 25. Rexf2 Bxc3 26. fxg6 fxg6 27. Qxc3+
Re5 28. Rf7+ Kg8 29. Qe3 Re7 30. R7f6 Rg7 31. Qxa7 Ra8 32. Qf2 Qe7 33. Rf4 g5
34. Rf5 Qxe4 35. Rf7 Qg6 36. Rf6 Qe8 37. Qf5 Qd7 38. Qf3 g4 39. Qf4 Qe7 40. Qf5
Qe5 41. Qf2 c5 42. Rf5 Qe8 43. Qd2 c6 44. Qxd6 h4 45. Qf4 h3 46. gxh3 gxh3 47.
Rg5 Raa7 48. Rfg1 Qe6 49. Qb8+ Kh7 50. Rh5+ 1-0

[Event "EYb18, Budva YUG"]
[Site "?"]
[Date "2003.??.??"]
[Round "3"]
[White "Dimitrijevic, A."]
[Black "Kalata, P."]
[Result "0-1"]
[WhiteElo "2380"]
[BlackElo "2255"]
[PlyCount "52"]
[EventDate "2003.??.??"]

1. e4 c5 2. Nf3 d6 3. d4 cxd4 4. Nxd4 Nf6 5. Nc3 a6 6. Bg5 e6 7. f4 Qb6 8. Qd2
Qxb2 9. Rb1 Qa3 10. f5 Nc6 11. fxe6 fxe6 12. Nxc6 bxc6 13. e5 dxe5 14. Bxf6
gxf6 15. Be2 Qd6 16. Bh5+ Ke7 17. Qe3 Qd4 18. Qf3 Bh6 19. Ne2 Qc5 20. Qe4 Bd7
21. Rd1 Rab8 22. Qd3 Bc8 23. Rf1 Rb7 24. Be8 Qa5+ 25. c3 Kxe8 26. Rxf6 Bg7 0-1